Can you recognize these cartoon houses? - Statistics

General Stats
  • This quiz has been taken 137 times
  • The average score is 8 of 16
Answer Stats
Picture Answer % Correct
SpongeBob Squarepants
97%
Mickey Mouse
90%
The Simpsons
90%
Family Guy
83%
The Flintstones
74%
Gravity Falls
70%
Phineas and Ferb
65%
Adventure Time
59%
Wild Kratts
33%
Kim Possible
30%
Timmy Turner
19%
Ben 10
15%
DuckTales
12%
Kid vs. Kat
10%
Alvin and the Cipmunks
9%
Adventures of the Gummi Bears
8%
No matching quizzes found
Score Distribution
Percent of People with Each Score
Percentile by Number Answered
Your Score History
You have not taken this quiz